书目信息 |
| 题名: |
全球民族问题大聚焦
|
|
| 作者: | ;中国现代国际关系研究所民族与宗教研究中心 著 | |
| 分册: | ||
| 出版信息: | 北京 时事出版社 2001 |
|
| 页数: | 450页 | |
| 开本: | 21cm | |
| 丛书名: | 专家纵论 | |
| 单 册: | ||
| 中图分类: | D562-53 | |
| 科图分类: | ||
| 主题词: | 民族问题--世界--文集 | |
| 电子资源: | ||
| ISBN: | 7-80009-626-2 | |
| 000 | 00786nam2 2200229 45 | |
| 001 | CAL 012001373697 | |
| 005 | 20041203095341.9 | |
| 010 | @a7-80009-626-2@dCNY28.00 | |
| 100 | @a20010611d2001 ekmy0chiy0120 ea | |
| 101 | 0 | @achi |
| 102 | @aCN@b110000 | |
| 105 | @ay a 000yy | |
| 200 | 1 | @a全球民族问题大聚焦@Aquan qiu min zu wen ti da ju jiao@f中国现代国际关系研究所民族与宗教研究中心著@FZhong Guo Xian Dai Guo Ji Guan Xi Yan Jiu Suo Min Zu Yu Zong Jiao Yan Jiu Zhong Xin Zhu |
| 210 | @a北京@c时事出版社@d2001 | |
| 215 | @a450页@d21cm | |
| 225 | 2 | @a专家纵论@f何希泉, 许涛主编 |
| 410 | @12001@@专家纵论 | |
| 606 | @a民族问题@y世界@x文集 | |
| 690 | @aD562-53@v4 | |
| 711 | 02 | @a中国现代国际关系研究所民族与宗教研究中心@4著 |
| 801 | @aCN@bTSTC@c20020427 | |
| 905 | @dD562-53@e85 | |
| 全球民族问题大聚焦/中国现代国际关系研究所民族与宗教研究中心著.-北京:时事出版社,2001 |
| 450页;21cm.-(专家纵论/何希泉, 许涛主编) |
| ISBN 7-80009-626-2:CNY28.00 |
| ● |
| 相关链接 |
|
|
|
|
正题名:全球民族问题大聚焦
索取号:D562-53/85
 
预约/预借
| 序号 | 登录号 | 条形码 | 馆藏地/架位号 | 状态 | 备注 |
| 1 | 0309308 | 203093080 | 第一借阅区/ [索取号:D562-53/85] | 在馆 | |
| 2 | 0309309 | 203093099 | 第一借阅区/ [索取号:D562-53/85] | 在馆 | |
| 3 | 0309310 | 203093106 | 第一样本阅览室/ [索取号:D562-53/85] | 在馆 |